000
00258nam a2200109Ia 4500
008
231212s1976 xx 000 0 und d
041
_a
eng
082
_a
621.381
100
_a
Grob
245
_a
Electronic Circuits & Applications
260
_a
New Delhi
_c
1976
999
_c
957961
_d
957961